| 000 | 00389 a2200109 4500 | ||
|---|---|---|---|
| 001 | ART_31293 | ||
| 005 | 20260410161840.0 | ||
| 008 | 260409a | ||
| 245 | 1 | 0 | _aLa inclusión de un representante del claustro de los alumnos como jurado en los concursos docentes universitarios |
| 100 | 1 | _aSavignano, Luciano C. | |
| 773 | 0 |
_tRAP _g- Año 36, Nº 425 (feb. 2014) _wREV5941 |
|
| 999 |
_c24026 _d24026 |
||